[Event "ISR-chT (Women)"]
[Site "Ramat Gan"]
[Date "2023.07.07"]
[Round "3.4"]
[White "Zusman, Tal"]
[Black "Qasem, Huda"]
[Result "0-1"]
[WhiteElo "1608"]
[BlackElo "1905"]
[PlyCount "136"]
[EventDate "2023.07.06"]
[EventType "team-swiss"]
[EventRounds "5"]
[EventCountry "ISR"]
[SourceTitle "CBM 215 Extra"]
[Source "ChessBase"]
[SourceDate "2023.09.30"]
[SourceVersion "1"]
[SourceVersionDate "2023.09.30"]
[SourceQuality "1"]
[WhiteTeam "Shualot Gambit Krayot (W)"]
[BlackTeam "Kfar Saba Hapoel (W)"]
[WhiteTeamCountry "ISR"]
[BlackTeamCountry "ISR"]

1. d4 d5 2. c4 e6 3. Nc3 h6 4. Nf3 Nf6 5. cxd5 exd5 6. Bf4 Bd6 7. Bxd6 Qxd6 8. e3 0-0 9. Bd3 Nc6 10. Rc1 a6 11. 0-0 Bg4 12. h3 Bh5 13. Be2 Bg6 14. Na4 Ne4 15. Nc5 Nxc5 16. Rxc5 b6 17. Rc3 Rfc8 18. Nh4 Be4 19. Bg4 Rf8 20. Nf5 Bxf5 21. Bxf5 Ne7 22. Bb1 g6 23. Qc2 Rac8 24. Rc1 c6 25. Qd2 Kg7 26. Re1 Rfd8 27. Bd3 a5 28. Rec1 Qe6 29. Bb1 Rc7 30. Bd3 Ra7 31. Bb1 Rd6 32. Qc2 Rc7 33. Qe2 Nc8 34. Bd3 Na7 35. a4 Rc8 36. Rb3 c5 37. Ba6 Rc7 38. Rbc3 Re7 39. dxc5 bxc5 40. Bd3 c4 41. Bc2 Nc6 42. Qf1 Nb4 43. Ra1 Rb7 44. Qc1 Rdb6 45. Bb1 Na6 46. Rc2 Nc5 47. Ra3 Nd3 48. Qd2 Rxb2 49. Rxb2 Rxb2 50. Qc3+ Qf6 51. Qxf6+ Kxf6 52. Bxd3 cxd3 53. Rxd3 Ke5 54. Kf1 Rb4 55. Ra3 Kd6 56. Ke2 Kc5 57. g3 Kc4 58. f3 Rb2+ 59. Ke1 Rb3 60. Rxb3 Kxb3 61. Kd2 Kxa4 62. Kc3 Kb5 63. h4 a4 64. f4 a3 65. g4 h5 66. gxh5 gxh5 67. Kb3 a2 68. Kxa2 Kc4 0-1

[Event "Rishon Le Ziyyon-ch U18"]
[Site "Rishon Le Ziyyon"]
[Date "2023.03.30"]
[Round "4"]
[White "Qasem, Huda"]
[Black "Zusman, Tal"]
[Result "1-0"]
[WhiteElo "1879"]
[BlackElo "1537"]
[PlyCount "35"]
[EventDate "2023.03.28"]
[EventType "swiss"]
[EventRounds "9"]
[EventCountry "ISR"]
[SourceTitle "CBM 213 Extra"]
[Source "ChessBase"]
[SourceDate "2023.05.31"]
[SourceVersion "1"]
[SourceVersionDate "2023.05.31"]
[SourceQuality "1"]

1. e4 d6 2. d4 Nf6 3. Nc3 c6 4. f4 Qa5 5. Bd3 e5 6. Nf3 Nbd7 7. a3 Be7 8. b4 Qc7 9. Ne2 b6 10. 0-0 c5 11. bxc5 bxc5 12. dxe5 dxe5 13. fxe5 Ng4 14. Bb5 Qb6 15. c4 Qc7 16. Bf4 g5 17. Bg3 Ne3 18. e6 1-0

[Event "ISR-chT U18"]
[Site "Beer Yaakov"]
[Date "2022.08.15"]
[Round "4.2"]
[White "Zusman, Tal"]
[Black "Milikow, Yoav"]
[Result "0-1"]
[WhiteElo "1427"]
[BlackElo "2429"]
[PlyCount "144"]
[EventDate "2022.08.14"]
[EventType "team-swiss"]
[EventRounds "7"]
[EventCountry "ISR"]
[SourceTitle "CBM 209 Extra"]
[Source "ChessBase"]
[SourceDate "2022.09.30"]
[SourceVersion "1"]
[SourceVersionDate "2022.09.30"]
[SourceQuality "1"]

1. d4 Nf6 2. c4 e6 3. Nc3 d5 4. cxd5 exd5 5. Bg5 Bb4 6. e3 h6 7. Qa4+ Nc6 8. Bxf6 Qxf6 9. Bb5 0-0 10. Nf3 Bg4 11. Be2 Rfd8 12. 0-0 Bf8 13. Rac1 a6 14. Qb3 Qd6 15. Nh4 Bc8 16. Bd3 b6 17. Nf5 Qd7 18. Qd1 Ne7 19. Ng3 Qg4 20. Qxg4 Bxg4 21. Nce2 Rdc8 22. b3 g6 23. Rc2 h5 24. h3 Bd7 25. Rfc1 c6 26. Nf4 Bh6 27. Nfe2 Kf8 28. Kh1 Ke8 29. Ng1 a5 30. Nf3 Kd8 31. Ne5 Be8 32. Rb1 Bg7 33. Nf3 Kc7 34. Ng5 Kb7 35. Nf1 Rc7 36. Nd2 Rac8 37. Rbc1 Bf6 38. Ngf3 Bg7 39. Kg1 Bh6 40. Ne5 f6 41. Nef3 g5 42. Nf1 Ra8 43. Ng3 h4 44. Nf5 Nxf5 45. Bxf5 Rd8 46. Kf1 Bf8 47. g3 hxg3 48. fxg3 Ba3 49. Rd1 Re7 50. Re2 c5 51. Kf2 Bb5 52. Bd3 Bd7 53. dxc5 bxc5 54. Bc2 Bxh3 55. Rh1 Bd7 56. Rh6 Bb5 57. Re1 Bb4 58. Rd1 Bc3 59. Ne1 d4 60. e4 Bxe1+ 61. Rxe1 d3 62. Bd1 d2 63. Re3 Rf8 64. g4 Kc7 65. Rh1 Rfe8 66. Kf3 Kb6 67. Rh2 Rd8 68. Rh6 Re6 69. e5 Rf8 70. Kg3 Rfe8 71. Kf3 fxe5 72. Rxe5 Rxh6 0-1

[Event "ISR-ch U08/18"]
[Site "Savyon"]
[Date "2022.04.13"]
[Round "8"]
[White "Zusman, Tal"]
[Black "Qasem, Huda"]
[Result "0-1"]
[WhiteElo "1477"]
[BlackElo "1746"]
[PlyCount "74"]
[EventDate "2022.04.06"]
[EventType "swiss"]
[EventRounds "9"]
[EventCountry "ISR"]
[SourceTitle "EXT 2023"]
[Source "ChessBase"]
[SourceDate "2022.10.05"]
[SourceVersion "1"]
[SourceVersionDate "2022.10.05"]
[SourceQuality "1"]

1. d4 Nf6 2. Nf3 g6 3. Bf4 Bg7 4. e3 0-0 5. Be2 d6 6. 0-0 c5 7. c3 Nbd7 8. h3 b6 9. Nbd2 Bb7 10. Re1 Re8 11. Bh2 Qc7 12. Qc2 Rad8 13. Rad1 Qc8 14. Qa4 a6 15. b4 b5 16. Qb3 c4 17. Qc2 Nb6 18. e4 Qa8 19. Bf1 Bc6 20. Nh4 d5 21. e5 Ne4 22. f3 Ng5 23. f4 Ne4 24. f5 Na4 25. Nxe4 dxe4 26. g4 Bh6 27. Ng2 gxf5 28. gxf5 Kh8 29. Be2 e3 30. Bf1 Be4 31. Qc1 Rg8 32. Re2 Bf3 33. Rde1 Bxe2 34. Rxe2 Qe4 35. Kh1 Qxf5 36. Rxe3 Bxe3 37. Qxe3 Qxf1+ 0-1

[Event "ISR-ch U08/18"]
[Site "Savyon"]
[Date "2022.04.10"]
[Round "4"]
[White "Qasem, Huda"]
[Black "Zusman, Tal"]
[Result "1-0"]
[WhiteElo "1746"]
[BlackElo "1477"]
[PlyCount "99"]
[EventDate "2022.04.06"]
[EventType "swiss"]
[EventRounds "9"]
[EventCountry "ISR"]
[SourceTitle "EXT 2023"]
[Source "ChessBase"]
[SourceDate "2022.10.05"]
[SourceVersion "1"]
[SourceVersionDate "2022.10.05"]
[SourceQuality "1"]

1. e4 c6 2. Nf3 d5 3. Nc3 Bg4 4. h3 Bxf3 5. Qxf3 e6 6. Be2 Nd7 7. 0-0 Bd6 8. d4 dxe4 9. Nxe4 Be7 10. Qg3 Ngf6 11. Nd6+ Bxd6 12. Qxd6 Ne4 13. Qf4 Ndf6 14. Be3 Qe7 15. c4 Nd6 16. Bd3 0-0 17. Bd2 Qd7 18. g4 Rfd8 19. Bc3 Nfe8 20. Rae1 Nc8 21. Qg3 Ne7 22. Re3 Ng6 23. f4 f5 24. Rfe1 Qc7 25. gxf5 exf5 26. Bxf5 Qxf4 27. Bxg6 Qxg3+ 28. Rxg3 hxg6 29. Rxg6 Kh7 30. Rge6 Nd6 31. b3 Nf5 32. R6e4 Rd6 33. Rg4 Rad8 34. Ree4 Rh6 35. Kh2 Rhd6 36. Rgf4 g6 37. Rg4 Rf8 38. Bb4 Rfd8 39. Bxd6 Rxd6 40. Kg1 Kg7 41. Kf2 Rf6 42. Ke2 Rd6 43. Kd2 a6 44. Kc3 Kf6 45. Rg2 Kg7 46. Rg1 Kh6 47. Rge1 Kh7 48. Rd1 Rf6 49. d5 Kh6 50. Re6 1-0